000 00502nam a22001817a 4500
005 20221213101029.0
008 221213b ||||| |||| 00| 0 eng d
040 _cAL
041 _aEnglish
082 _223
_a363.348
_bLOKT
100 _aLok Sabha Secretariat
_965647
245 _aTsunami Tragedy Impact on India
260 _aNew Delhi
_bLok Sabha Secretariat
_c2005
300 _a178 p.
_bPB
_c29x21 cm.
650 _aTsunami
_965648
700 _aLOK SABHA SECRETARIAT
_965649
942 _2ddc
_cGF
999 _c225634
_d225634